| 000 | 00920nam a2200241Ia 4500 | ||
|---|---|---|---|
| 008 | 130821s xx ao gr eng | ||
| 020 | _a9780781783514 | ||
| 040 |
_aCo-BoUCM _bspa |
||
| 041 | 0 | 0 | _aeng |
| 060 | _aQT 255 | ||
| 100 | 1 |
_aKraemer, William J. _9160560 |
|
| 245 | 0 | 0 |
_aExercise physiology integrating theory and application _cWilliam J. Kraemer, Steven J. Fleck, MIchael R. Deschenes |
| 260 |
_a[Lugar desconocido] _b[Editorial desconocida] _c[fecha desconocida] |
||
| 300 |
_axviii, 488 páginas _bilustraciones, gráficas, fotografías |
||
| 504 | _aIncluye referencias bibliográficas e índice. | ||
| 650 | 0 | 4 |
_aEducación física _913825 |
| 650 | 0 | 4 |
_aEjercicio _xFisiología _943135 |
| 650 | 0 | 4 |
_aEstado físico _915022 |
| 650 | 0 | 4 |
_aMedicina deportiva _919146 |
| 700 | 1 |
_aDeschenes, Michael R _9160561 |
|
| 700 | 1 |
_aFleck, Steven J _9160562 |
|
| 942 |
_cLIBRO _a15 _e1 _mK891e _2NLM _hQT 255 _n0 |
||
| 999 |
_c40282 _d40282 |
||